| 000 | 00716nam a2200193 a 4500 | ||
|---|---|---|---|
| 001 | BRCA_891 | ||
| 005 | 20190320203209.0 | ||
| 008 | 311005s1992----ag-a---###---#000-0#spa-d | ||
| 050 | 4 |
_aNK7131 _b.P53 1992 |
|
| 245 | 1 | 0 | _aLa plata del plata. |
| 260 |
_aBuenos Aires _bMuseo Isaac Fernández Blanco : Museo José Hernández : Museo Cornelio de Saavedra _c1992 |
||
| 300 |
_a61 p. _bil. a color _c28 cm. |
||
| 500 | _aCatálogo de la exposición América 92 realizada en Buenos Aires, Argentina | ||
| 650 | 1 | 4 |
_aPlatería _vExposiciones _xHistoria _zArgentina _92964 |
| 710 | 2 |
_aMuseo Isaac Fernández Blanco _92965 |
|
| 710 | 2 |
_aMuseo José Hernández _92966 |
|
| 710 | 2 |
_aMuseo Cornelio de Saavedra _92967 |
|
| 942 |
_2lcc _cB |
||
| 999 |
_c785 _d785 |
||